| 000 | 00507nam a2200193Ia 4500 | ||
|---|---|---|---|
| 005 | 20250423100008.0 | ||
| 008 | 250422s9999 xx 000 0 und d | ||
| 020 | _a9782879150 | ||
| 050 | _aKP 105 .A3/ | ||
| 100 | _aAdubi, C. O. | ||
| 245 | 0 | _aLegal drafting, conveyancing law, wills and practice | |
| 250 | _a2012ed. | ||
| 260 | _aLagos | ||
| 260 | _bLighthouse Publishing Co. Ltd | ||
| 260 | _c2012 | ||
| 300 | _a369 p | ||
| 650 | _a Legal composition. Legal instruments--Nigeria | ||
| 942 | _cBK | ||
| 999 |
_c31969 _d31969 |
||